| 000 | 00557nam a2200133Ia 4500 | ||
|---|---|---|---|
| 008 | 220216s9999 xx 000 0 und d | ||
| 100 | _aJoseph A. | ||
| 245 | 0 | _aInvestigations on certain biochemical changes and phyllosphere microflora of Hevea brasiliensis as influenced by nitrogenous fertilizer application and Corynespora cassiicola inoculation | |
| 260 |
_bPh.D. Thesis, Mahatma Gandhi University, Kottayam, India, 188 p. _c1998 |
||
| 650 | _aBiochemical change | ||
| 650 | _aCorynespora cassiicola | ||
| 650 | _aPhyllosphere microflora | ||
| 942 | _cBS | ||
| 999 |
_c52541 _d52541 |
||